International seminar on Mechanical Behaviour of Materils (Record no. 182801)
[ view plain ]
| 000 -LEADER | |
|---|---|
| fixed length control field | 00912 a2200169 4500 |
| 003 - CONTROL NUMBER IDENTIFIER | |
| control field | Nust |
| 005 - DATE AND TIME OF LATEST TRANSACTION | |
| control field | 20221020192215.0 |
| 020 ## - INTERNATIONAL STANDARD BOOK NUMBER | |
| International Standard Book Number | 9698040056 |
| 040 ## - CATALOGING SOURCE | |
| Transcribing agency | Nust |
| 082 ## - DEWEY DECIMAL CLASSIFICATION NUMBER | |
| Classification number | 620.112,INT |
| 245 ## - TITLE STATEMENT | |
| Title | International seminar on Mechanical Behaviour of Materils |
| Statement of responsibility, etc. | Pakistan Science Foundation Islamabad |
| 260 ## - PUBLICATION, DISTRIBUTION, ETC. | |
| Place of publication, distribution, etc. | Islamabad |
| Name of publisher, distributor, etc. | Science Foundation |
| Date of publication, distribution, etc. | 1989 |
| 300 ## - PHYSICAL DESCRIPTION | |
| Extent | 719;p |
| 505 ## - FORMATTED CONTENTS NOTE | |
| Formatted contents note | Deformation And Fracture Of Materials (Page-3), Fatigue Fracture (Page-127), Crack Initiation-Short Cracks (Page-187), Metallorgraphic Aspects Of Fatigue (Page-225), Fracture Mechanics And Finite Element Programs (Page-273), Testing Methods And Applications (Page-377), Design Considerations (Page-489), Structural Assessment And Modeling (Page-553), Case Histories And Manufacturing Effects (Page-641), Proceeding, Inaugural And Closing Sessions (Page-703) |
| 650 ## - SUBJECT ADDED ENTRY--TOPICAL TERM | |
| Topical term or geographic name entry element | Mechanical Behaviour |
| 9 (RLIN) | 101065 |
| 942 ## - ADDED ENTRY ELEMENTS (KOHA) | |
| Source of classification or shelving scheme | |
| Koha item type | Book |
| Withdrawn status | Lost status | Source of classification or shelving scheme | Damaged status | Not for loan | Permanent Location | Current Location | Shelving location | Date acquired | Full call number | Barcode | Date last seen | Price effective from | Koha item type | Public note |
|---|---|---|---|---|---|---|---|---|---|---|---|---|---|---|
| Military College of Signals (MCS) | Military College of Signals (MCS) | General Stacks | 12/12/2016 | 620.112,INT | MCS27638 | 12/08/2016 | 12/12/2016 | Book | Almirah No.27, Shelf No.4 |
